Tiere mit "B" aufzählen - Statistiken

Allgemein
  • Dieses Quiz wurde 692 mal gespielt
  • Das Durchschnittsergebnis liegt bei 18 aus 60
Antwortstatistiken
Tier mit B % Korrekt
Bär
99%
Braunbär
83%
Biber
77%
Biene
72%
Blauwal
65%
Bison
62%
Barsch
56%
Blaumeise
55%
Büffel
55%
Buntspecht
43%
Bussard
41%
Bulle
39%
Bergziege
38%
Boa
38%
Bonobo
38%
Brillenbär
36%
Bock
34%
Beagle
33%
Borkenkäfer
33%
Buckelwal
32%
Bachforelle
31%
Bisamratte
31%
Blindschleiche
31%
Bandwurm
30%
Bachstelze
29%
Boxer
29%
Belugawal
28%
Berglöwe
28%
Blutegel
26%
Bulldogge
25%
Barrakuda
24%
Bernhardiner
23%
Bremse
23%
Brüllaffe
23%
Bengaltiger
22%
Breitmaulfrosch
22%
Bobtail
19%
Berner Sennenhund
18%
Blaukehlchen
18%
Brillenpinguin
18%
Butt
18%
Breitmaulnashorn
17%
Buchfink
17%
Backenhörnchen
16%
Bartgeier
16%
Baummarder
16%
Beutelwolf
16%
Berggorilla
15%
Blaufußtölpel
12%
Brasse
12%
Brieftaube
12%
Blattlaus
11%
Blaubarsch
11%
Bienenfresser
10%
Bullenhai
10%
Blattschneiderameise
8%
Bienenelfe
7%
Bettwanze
5%
Bärtierchen
3%
Brachiosaurus
3%
Keine übereinstimmenden Quizze gefunden
Verteilung der Resultate
Anzahl Personen mit jedem Resultat
Perzentil nach korrekt beantworteten Fragen
Ihre Resultats-Entwicklung
Sie haben dieses Quiz noch nicht gespielt